| 000 -LEADER |
| fixed length control field |
00368 a2200145 4500 |
| 003 - CONTROL NUMBER IDENTIFIER |
| control field |
OSt |
| 005 - DATE AND TIME OF LATEST TRANSACTION |
| control field |
20240705180418.0 |
| 008 - FIXED-LENGTH DATA ELEMENTS--GENERAL INFORMATION |
| fixed length control field |
240705b ||||| |||| 00| 0 eng d |
| 020 ## - INTERNATIONAL STANDARD BOOK NUMBER |
| International Standard Book Number |
9783037783504 |
| 100 ## - MAIN ENTRY--PERSONAL NAME |
| Personal name |
Deane Simpson |
| 245 ## - TITLE STATEMENT |
| Title |
Young-Old: Urban Utopias of an Aging Society |
| 260 ## - PUBLICATION, DISTRIBUTION, ETC. (IMPRINT) |
| Name of publisher, distributor, etc |
Lars Müller Publishers |
| Date of publication, distribution, etc |
2015 |
| 300 ## - PHYSICAL DESCRIPTION |
| Extent |
575p; |
| 942 ## - ADDED ENTRY ELEMENTS (KOHA) |
| Source of classification or shelving scheme |
|